Juegos olímpicos /

Guardado en:
Autor Principal: Weber, Eugen
Formato: Deslizar
Series:La tradición de Occidente
Materias:
Etiquetas: Agregar Etiqueta
Sin Etiquetas, Sea el primero en etiquetar este registro!
LEADER 01129ngm a22003135g 4500
001 CEM.cems022170
008 130507b1996##################0###0#####d
005 20241007200632.0
245 1 0 |a Juegos olímpicos /  |c Eugen Weber. 
300 |a 41'. 
490 0 |a La tradición de Occidente 
500 |a En soporte VHS, consultar en ventanilla. 
505 0 |a Juegos olímpicos. Descripción de los juegos. Batalla de Maratón. Filípides. Batalla de Salamina. El siglo de Pericles. Celebración de los juegos. Las guerras de Esparta y Atenas. Alejandro Magno. Invasión romana. Cristianismo. 
538 |a Soporte: VHS - Norma: Pal N - Color - Grabación DRD 1996 - Hitachi=2580 
100 1 |a Weber, Eugen 
082 9 3 |/ WEB 
653 |a HISTORIA 
653 |a HISTORIA ANTIGUA 
653 |a JUEGOS OLIMPICOS 
653 |a MARATON 
653 |a SALAMINA 
653 |a PERICLES 
653 |a SALAMINA 
653 |a GUERRA DE ESPARTA 
653 |a GUERRA DE ATENAS 
653 |a CRISTIANISMO 
653 |a OLIMPIADAS 
653 |a NIVEL SECUNDARIO 
859 |a CEMS  |b BIB. CEMS - Depto. Recursos Didacticos  |h 930  |i WEB  |k DRD  |p 813.12  |t Ej.1